[Event "Just Another Plain Tournament # 13"]
[Site "SchemingMind.com"]
[Date "2009.03.30"]
[Round "-"]
[White "Phillip Beckett"]
[Black "Misterija"]
[Result "1-0"]
[WhiteCountry "ENG"]
[BlackCountry "CRO"]
[WhiteElo "1648"]
[WhiteRD "58"]
[BlackElo "1220"]
[BlackRD "138"]
[GameID "198603"]

1. d4 Nf6 2. e3 c5 3. c3 d5 4. f4 e6 5. Bd3 Nc6 6. Nf3 Bd6 7. Nbd2 O-O 8. O-O Re8 9. Ne5 cxd4 10. exd4 Bf8
11. Ndf3 h6 12. Nxc6 bxc6 13. Ne5 c5 14. dxc5 Bxc5+ 15. Kh1 d4 16. cxd4 Qxd4 17. Nf3 Qd6 18. Be3 Qb6 19. Bd4 Bxd4 20. Nxd4 Rd8
21. Nf3 Ba6 22. Ne5
1-0

[Event "Just Another Plain Tournament # 13"]
[Site "SchemingMind.com"]
[Date "2009.03.30"]
[Round "-"]
[White "Misterija"]
[Black "Phillip Beckett"]
[Result "0-1"]
[WhiteCountry "CRO"]
[BlackCountry "ENG"]
[WhiteElo "1220"]
[WhiteRD "138"]
[BlackElo "1648"]
[BlackRD "58"]
[GameID "198604"]

1. Nf3 Nf6 2. c4 e6 3. g3 d5 4. d4 c6 5. Qc2 Nbd7 6. Bg2 Be7 7. O-O O-O 8. Nbd2 dxc4 9. Nxc4 Nb6 10. Nxb6 Qxb6
11. Rd1 Nd5 12. Ng5 g6 13. e4 Nb4 14. Qe2 Qa6 15. Qxa6 Nxa6 16. e5 Bd7 17. Ne4 Rfd8 18. f4 Rac8 19. g4 c5
0-1

[Event "Just Another Plain Tournament # 13"]
[Site "SchemingMind.com"]
[Date "2009.03.31"]
[Round "-"]
[White "skorak"]
[Black "Phillip Beckett"]
[Result "0-1"]
[WhiteCountry "POL"]
[BlackCountry "ENG"]
[WhiteElo "1533"]
[WhiteRD "121"]
[BlackElo "1648"]
[BlackRD "58"]
[GameID "198710"]

1. e4 e6 2. d4 d5 3. e5 c5 4. c3 Nc6 5. Nf3 Qb6 6. Bd3 Nge7 7. O-O Bd7 8. b4 cxb4 9. Qb3 bxc3 10. Qxb6 axb6
11. Nxc3 Nb4 12. Bb5 Nbc6 13. Bg5 h6 14. Bh4 Nf5 15. Bxc6 Bxc6 16. h3 Nxh4 17. Nxh4 Be7 18. Nf3 O-O 19. Rab1 Ra3 20. Rfc1 b5
21. Rc2 b4 22. Ne2 Rfa8 23. Rbb2 Kf8 24. Nc1 Ke8 25. Nb3 Kd7 26. Nc5+ Bxc5 27. Rxc5 R8a4 28. Rcc2 Rd3 29. Rd2 Rxd2 30. Nxd2 Bb5
31. g4 Bc4 32. Nb3 Bxb3 33. Rxb3 Rxa2 34. Rxb4 Kc6 35. f4 b5 36. Rb1 Ra4 37. Kg2 Rxd4 38. Kg3 Kc5
0-1

[Event "Just Another Plain Tournament # 13"]
[Site "SchemingMind.com"]
[Date "2009.03.31"]
[Round "-"]
[White "Phillip Beckett"]
[Black "skorak"]
[Result "1/2-1/2"]
[WhiteCountry "ENG"]
[BlackCountry "POL"]
[WhiteElo "1648"]
[WhiteRD "58"]
[BlackElo "1533"]
[BlackRD "121"]
[GameID "198712"]

1. d4 d5 2. e3 Nf6 3. Bd3 g6 4. f4 b6 5. Nf3 Ba6 6. Qe2 c5 7. Bxa6 Nxa6 8. c3 Qc8 9. O-O cxd4 10. exd4 Qc4
11. Qxc4 dxc4 12. Ne5 b5 13. Nd2 Nh5 14. Ne4 h6 15. Bd2 Nf6 16. Rae1 Nxe4 17. Rxe4 e6 18. Nc6 Nc7 19. f5 gxf5 20. Rxf5 Rg8
21. Rf1 Rh8 22. Bf4 Nd5 23. Bg3 a6 24. Ne5 Rh7 25. Ng4 Be7 26. Ne5 f6 27. Nc6 Kd7 28. Nxe7 Rxe7 29. Rfe1 b4 30. Bh4 bxc3
31. bxc3 Nxc3 32. Bxf6 Nxe4 33. Bxe7 Kxe7 34. Rxe4 c3 35. d5 Rc8 36. Rxe6+ Kd7 37. Re1 c2 38. Rc1 Kd6 39. Kf2 Kxd5 40. Ke3 Rc3+
41. Kd2 Kd4 42. Rxc2 Rxc2+ 43. Kxc2 Ke3 44. g4 Kf4 45. Kc3 Kxg4 46. Kb4 h5 47. Ka5 Kh3 48. Kxa6 Kxh2 49. Kb7 h4 50. a4 h3=
1/2-1/2

[Event "Just Another Plain Tournament # 13"]
[Site "SchemingMind.com"]
[Date "2009.03.31"]
[Round "-"]
[White "yuk"]
[Black "Phillip Beckett"]
[Result "1-0"]
[WhiteCountry "IRL"]
[BlackCountry "ENG"]
[WhiteElo "1847"]
[WhiteRD "66"]
[BlackElo "1620"]
[BlackRD "56"]
[GameID "198772"]

1. d4 d5 2. c4 e6 3. Nc3 Nf6 4. Bg5 Be7 5. Nf3 O-O 6. e3 h6 7. Bh4 Ne4 8. Bxe7 Qxe7 9. Nxe4 dxe4 10. Nd2 f5
11. Be2 Nd7 12. Qb3 c6 13. c5 Nf6 14. Nc4 Kh7 15. O-O Nd5 16. Nd6 Qc7 17. Bc4 b5 18. Bxd5 exd5 19. a4 Bd7 20. axb5 cxb5
21. Qxd5 Bc6 22. Qe5 Rad8 23. d5 Ba8 24. Rfc1 a6 25. Rxa6 Bb7 26. Ra7 Qb8 27. Rxb7
1-0

[Event "Just Another Plain Tournament # 13"]
[Site "SchemingMind.com"]
[Date "2009.03.31"]
[Round "-"]
[White "yuk"]
[Black "skorak"]
[Result "1-0"]
[WhiteCountry "IRL"]
[BlackCountry "POL"]
[WhiteElo "1844"]
[WhiteRD "68"]
[BlackElo "1533"]
[BlackRD "121"]
[GameID "198773"]

1. d4 d5 2. c4 dxc4 3. e4 e5 4. d5 Nf6 5. Nc3 Bg4 6. f3 Bh5 7. Bxc4 c6 8. Bg5 Bb4 9. Ne2 Qb6 10. Bxf6 gxf6
11. a3 Bxc3+ 12. bxc3 Nd7 13. Rb1 Qa5 14. dxc6 bxc6 15. Qd6 Qc5 16. Qxc5 Nxc5 17. Kf2 O-O 18. Rhd1 Na4 19. Rd6 c5 20. Rxf6 Nb6
21. Bd5 Rad8 22. c4 Bg6 23. Nc3 Rc8 24. a4 Kg7 25. Rd6 Rfd8 26. Rxd8 Rxd8 27. a5 Nxd5 28. cxd5 a6 29. Rb6 f5 30. Rxa6 fxe4
31. fxe4 Rf8+ 32. Ke3 c4 33. d6 Rd8 34. Rb6 Be8 35. a6 Ra8= 36. Rb7+ Kf6 37. Nd5+ Ke6 38. Nc7+ Kxd6 39. Nxa8 Bc6 40. Rb8 Kc5
41. a7
1-0

[Event "Just Another Plain Tournament # 13"]
[Site "SchemingMind.com"]
[Date "2009.04.02"]
[Round "-"]
[White "yuk"]
[Black "Misterija"]
[Result "1-0"]
[WhiteCountry "IRL"]
[BlackCountry "CRO"]
[WhiteElo "1844"]
[WhiteRD "68"]
[BlackElo "1220"]
[BlackRD "138"]
[GameID "198774"]

1. d4 Nf6 2. c4 g6 3. Nc3 Bg7 4. Nf3 d6 5. e4 O-O 6. Bg5 c5 7. d5 Qa5 8. Bd3 Na6 9. a3 Nc7 10. O-O Bd7
11. Qe2 e5 12. Rfb1 b5 13. cxb5 Rfb8 14. a4 a6 15. Bd2 Qb6 16. a5 Qb7 17. b6 Nce8 18. h3 Nh5 19. g4 Nf4 20. Bxf4 exf4
21. Nd2 g5 22. Nc4 Bb5 23. Nxb5 axb5 24. Nd2 c4 25. Nxc4 bxc4 26. Bxc4 Bd4 27. Bb5 Bxb6 28. Bc6
1-0

[Event "Just Another Plain Tournament # 13"]
[Site "SchemingMind.com"]
[Date "2009.03.31"]
[Round "-"]
[White "Phillip Beckett"]
[Black "yuk"]
[Result "1-0"]
[WhiteCountry "ENG"]
[BlackCountry "IRL"]
[WhiteElo "1620"]
[WhiteRD "56"]
[BlackElo "1847"]
[BlackRD "66"]
[GameID "198775"]

1. d4 d5 2. e3 Nf6 3. Bd3 c5 4. c3 c4 5. Bc2 Nc6 6. Nd2 e6 7. f4 Be7 8. Ngf3 Ng4 9. Nf1 b5 10. Ng3 a5
11. O-O b4 12. Ne5 Ngxe5 13. fxe5 g6 14. Qf3 Rf8 15. e4 dxe4 16. Nxe4 Bb7 17. Bh6 Qc7 18. Bxf8 Bxf8 19. Nf6+ Ke7 20. Nxh7 Nd8
21. Qf6+ Ke8 22. Qh8 Kd7 23. Nxf8+ Kc8 24. Qh7 Qe7 25. Nxg6 Qg5 26. Nf4 Kd7 27. g3 Ke7 28. Qh5 Qxh5 29. Nxh5 Nc6 30. Be4 Rh8
31. Nf6 Rb8 32. cxb4 axb4 33. d5 Nxe5 34. d6+ Kxd6 35. Rad1+ Ke7 36. Bxb7 Rxb7 37. Ne4 Nd3 38. Rxf7+ Kxf7 39. Nd6+ Ke7 40. Nxb7 Nxb2
41. Rd4 c3 42. Nc5 e5 43. Rxb4 Kd6 44. Nb3 c2 45. Kf1 Nd1 46. Ke2 Nc3+ 47. Kd2 Nxa2 48. Ra4
1-0

[Event "Just Another Plain Tournament # 13"]
[Site "SchemingMind.com"]
[Date "2009.03.31"]
[Round "-"]
[White "skorak"]
[Black "yuk"]
[Result "0-1"]
[WhiteCountry "POL"]
[BlackCountry "IRL"]
[WhiteElo "1533"]
[WhiteRD "121"]
[BlackElo "1844"]
[BlackRD "68"]
[GameID "198776"]

1. e4 d5 2. exd5 Nf6 3. d4 Nxd5 4. c4 Nf6 5. d5 e6 6. Nc3 Bb4 7. a3 Bxc3+ 8. bxc3 O-O 9. Bg5 exd5 10. cxd5 Qxd5
11. Bxf6 Qe6+ 12. Be2 Qxf6 13. Nf3 Qxc3+ 14. Nd2 Nc6 15. O-O Rd8 16. Ra2 Be6 17. Ne4 Qe5 18. Rd2 Qxe4 19. Bd3 Qg4 20. f4 Qxd1
21. Rdxd1 Bg4 22. Rd2 Rxd3 23. Rxd3 Be2 24. Rd7 Bxf1 25. Kxf1 Rc8 26. g4 Kf8
0-1

[Event "Just Another Plain Tournament # 13"]
[Site "SchemingMind.com"]
[Date "2009.04.02"]
[Round "-"]
[White "Misterija"]
[Black "yuk"]
[Result "0-1"]
[WhiteCountry "CRO"]
[BlackCountry "IRL"]
[WhiteElo "1412"]
[WhiteRD "277"]
[BlackElo "1847"]
[BlackRD "66"]
[GameID "198777"]

1. Nf3 d5 2. c4 dxc4 3. e3 Nf6 4. Bxc4 e6 5. d4 c5 6. O-O Nc6 7. Qe2 cxd4 8. Nxd4 Nxd4 9. exd4 Be7 10. Rd1 O-O
11. Nc3 Nd5 12. Nxd5 exd5 13. Bb3 Re8 14. Qf3 Be6 15. Qg3 Rc8 16. Ba4 Rf8 17. Bb3 a6 18. a4 Re8 19. Ba2 Bh4 20. Qd3 Qf6
21. g3 Bg5 22. Bxg5 Qxg5 23. Bb1 g6 24. Bc2 Bf5
0-1

[Event "Just Another Plain Tournament # 13"]
[Site "SchemingMind.com"]
[Date "2009.03.31"]
[Round "-"]
[White "Clive Everill"]
[Black "yuk"]
[Result "1-0"]
[WhiteCountry "CZE"]
[BlackCountry "IRL"]
[WhiteElo "1682"]
[WhiteRD "51"]
[BlackElo "1847"]
[BlackRD "66"]
[GameID "198783"]

1. c4 c5 2. Nc3 e6 3. e3 Nc6 4. Nf3 Nf6 5. d4 d5 6. cxd5 exd5 7. Be2 Bd6 8. O-O O-O 9. b3 Be6 10. Bb2 cxd4
11. Nxd4 Rc8 12. Nxe6 fxe6 13. Nb5 Bb8 14. Rc1 a6 15. Nd4 Nxd4 16. Bxd4 Qd6 17. f4 Nd7 18. Bd3 e5 19. Rxc8 Rxc8 20. fxe5 Nxe5
21. g3 Qh6 22. Bf5 Re8 23. Rf4 Ng6 24. Bxg6 Bxf4 25. Bxe8 Bxe3+ 26. Kg2 Qe6 27. Bxe3
1-0

[Event "Just Another Plain Tournament # 13"]
[Site "SchemingMind.com"]
[Date "2009.03.31"]
[Round "-"]
[White "Clive Everill"]
[Black "Phillip Beckett"]
[Result "1-0"]
[WhiteCountry "CZE"]
[BlackCountry "ENG"]
[WhiteElo "1682"]
[WhiteRD "51"]
[BlackElo "1620"]
[BlackRD "56"]
[GameID "198784"]

1. e4 e6 2. d4 d5 3. e5 c5 4. c3 Nc6 5. Nf3 Qb6 6. Bd3 Nge7 7. O-O cxd4 8. cxd4 Bd7 9. Be3 Rc8 10. b3 Ng6
11. Nbd2 Bb4 12. a3 Be7 13. b4 O-O 14. Nb3 Nb8 15. Nc5 Bxc5 16. dxc5 Qc7 17. Bd4 Nc6 18. Bxg6 hxg6 19. Bb2 b6 20. b5 Na5
21. c6 Be8 22. Qa4 f6 23. Qh4 f5 24. Ng5 Rf6 25. Qh7+
1-0

[Event "Just Another Plain Tournament # 13"]
[Site "SchemingMind.com"]
[Date "2009.04.01"]
[Round "-"]
[White "Clive Everill"]
[Black "skorak"]
[Result "0-1"]
[WhiteCountry "CZE"]
[BlackCountry "POL"]
[WhiteElo "1644"]
[WhiteRD "51"]
[BlackElo "1533"]
[BlackRD "121"]
[GameID "198785"]

1. e4 e5 2. Nf3 d6 3. d4 Bg4 4. Be2 Nc6 5. d5 Nce7 6. c4 c5 7. Nc3 Ng6 8. Bg5 f6 9. Bd2 Nf4 10. Bxf4 exf4
11. O-O Bd7 12. Qd2 g5 13. Ne1 Ne7 14. Bh5+ Ng6 15. Nf3 g4 16. Ne1 Bh6 17. Qc2 Qe7 18. Nd3 O-O 19. g3 f3 20. b4 b6
21. a4 Ne5 22. Nxe5 Qxe5 23. Bxg4 Bxg4 24. Rae1 cxb4 25. Nd1 a5 26. Ne3 Bh3 27. Kh1 Bxf1 28. Rxf1 Bxe3 29. fxe3 f5 30. Rxf3 fxe4
31. Rxf8+ Rxf8 32. Kg2 Rf3 33. Qe2 b3 34. c5 bxc5 35. Qa6 b2 36. Qc8+ Rf8 37. Qg4+ Kh8 38. Qd1 Rb8 39. Qb1 Qxd5 40. Kh3 c4
0-1

[Event "Just Another Plain Tournament # 13"]
[Site "SchemingMind.com"]
[Date "2009.04.02"]
[Round "-"]
[White "Clive Everill"]
[Black "Misterija"]
[Result "1-0"]
[WhiteCountry "CZE"]
[BlackCountry "CRO"]
[WhiteElo "1644"]
[WhiteRD "51"]
[BlackElo "1220"]
[BlackRD "138"]
[GameID "198786"]

1. Nf3 Nf6 2. d4 g6 3. c4 Bg7 4. Nc3 d6 5. e4 O-O 6. Be3 e5 7. dxe5 dxe5 8. Nxe5 Qxd1+ 9. Rxd1 Nxe4 10. Nxe4 Bxe5
11. b3 Nc6 12. Bd3 Bf5 13. O-O Nb4 14. Bb1 Nxa2 15. f4 Nc3 16. Nxc3 Bxc3 17. Bxf5 gxf5 18. Rd7
1-0

[Event "Just Another Plain Tournament # 13"]
[Site "SchemingMind.com"]
[Date "2009.04.01"]
[Round "-"]
[White "yuk"]
[Black "Clive Everill"]
[Result "1-0"]
[WhiteCountry "IRL"]
[BlackCountry "CZE"]
[WhiteElo "1847"]
[WhiteRD "66"]
[BlackElo "1682"]
[BlackRD "51"]
[GameID "198787"]

1. d4 Nf6 2. c4 g6 3. Nc3 Bg7 4. e4 d6 5. Nf3 O-O 6. Bg5 Bd7 7. Be2 Ne8 8. Nd5 f6 9. Bh4 c6 10. Nc3 Qc8
11. Rc1 e5 12. O-O Bg4 13. h3 Bd7 14. b4 a6 15. a4 b5 16. axb5 axb5 17. cxb5 cxb5 18. Qb3+ Kh8 19. Nxb5 Qb7 20. Nc3 exd4
21. Nxd4 f5 22. Ndb5 fxe4 23. Bg3 Bc6 24. Nxd6 Nxd6 25. Bxd6 Re8 26. b5 e3 27. f3 Nd7 28. Qc4 Bxb5 29. Qxb5 Qxb5 30. Bxb5 Red8
31. Bxd7 Rxd7 32. Ne4 Bd4 33. Rfe1 Ra2 34. Rc4 Ba7 35. Be5+ Kg8 36. Nf6+ Kf7 37. Nxd7 Ke6 38. Rc7 h5 39. f4 Kf5 40. Nc5 g5
41. Rf7+ Kg6 42. Rg7+ Kf5 43. Rxg5#
1-0

[Event "Just Another Plain Tournament # 13"]
[Site "SchemingMind.com"]
[Date "2009.04.01"]
[Round "-"]
[White "Phillip Beckett"]
[Black "Clive Everill"]
[Result "1-0"]
[WhiteCountry "ENG"]
[BlackCountry "CZE"]
[WhiteElo "1620"]
[WhiteRD "56"]
[BlackElo "1682"]
[BlackRD "51"]
[GameID "198788"]

1. d4 f5 2. e3 Nf6 3. Bd3 e6 4. Nd2 Be7 5. f4 O-O 6. Ngf3 b6 7. O-O Bb7 8. c3 d6 9. Qe1 Nd5 10. Nb3 Nd7
11. e4 fxe4 12. Bxe4 c6 13. Bc2 Ba6 14. Qxe6+ Kh8 15. Qe4 Bxf1 16. Qxh7#
1-0

[Event "Just Another Plain Tournament # 13"]
[Site "SchemingMind.com"]
[Date "2009.04.01"]
[Round "-"]
[White "skorak"]
[Black "Clive Everill"]
[Result "0-1"]
[WhiteCountry "POL"]
[BlackCountry "CZE"]
[WhiteElo "1490"]
[WhiteRD "115"]
[BlackElo "1632"]
[BlackRD "49"]
[GameID "198789"]

1. e4 a6 2. d4 b5 3. Nf3 Bb7 4. Bd3 Nf6 5. e5 Nd5 6. Nc3 Nxc3 7. bxc3 e6 8. O-O c5 9. Bg5 Be7 10. h4 f6
11. exf6 Bxf6 12. Bf4 cxd4 13. cxd4 Bxh4 14. Ne5 O-O 15. Qh5 Rxf4 16. Qxh7+ Kf8 17. Qh8+ Ke7 18. Qxg7+ Kd6 19. Nf7+ Rxf7 20. Qxf7 Qg5
21. g3 Bxg3 22. Qf8+ Kc7 23. Qc5+ Qxc5 24. dxc5 Be5 25. Rab1 Bd4 26. Rb4 Bxc5 27. Rf4 Nc6 28. c3 Rg8+ 29. Kh1 Ne5+ 30. Be4 Bxe4+
31. Rxe4 Rh8+ 32. Kg2 Bd6 33. Rd1 Nc4 34. Red4 Rh2+ 35. Kf1 Rh1+ 36. Ke2 Rxd1 37. Rxd1 Be5 38. Rd3 Nb2 39. Re3 d6 40. f4 Bxf4
41. Rxe6 Be5 42. Re7+= Kc6 43. Ra7 Kb6 44. Rd7 Na4 45. c4 bxc4 46. a3 Kc6 47. Ra7 Nc5 48. a4 Nxa4 49. Rxa6+ Kb5 50. Rxa4 Kxa4
51. Kd2 Kb3 52. Kc1 d5
0-1

[Event "Just Another Plain Tournament # 13"]
[Site "SchemingMind.com"]
[Date "2009.04.02"]
[Round "-"]
[White "Misterija"]
[Black "Clive Everill"]
[Result "0-1"]
[WhiteCountry "CRO"]
[BlackCountry "CZE"]
[WhiteElo "1220"]
[WhiteRD "138"]
[BlackElo "1644"]
[BlackRD "51"]
[GameID "198790"]

1. Nf3 d5 2. c4 Nf6 3. d4 e6 4. g3 Bb4+ 5. Nbd2 dxc4 6. Bg2 Ne4 7. O-O Nxd2 8. Bxd2 Bd6 9. Qa4+ Bd7 10. Qxc4 b5
11. Qc2 Bc6 12. Rac1 O-O 13. Ng5 g6 14. Bxc6 Nxc6 15. Qxc6 Rb8 16. Ne4 Rb6 17. Qc2 Qa8
0-1

[Event "Just Another Plain Tournament # 13"]
[Site "SchemingMind.com"]
[Date "2009.04.01"]
[Round "-"]
[White "lemmie"]
[Black "Clive Everill"]
[Result "0-1"]
[WhiteCountry "NED"]
[BlackCountry "CZE"]
[WhiteElo "1754"]
[WhiteRD "52"]
[BlackElo "1682"]
[BlackRD "51"]
[GameID "198890"]

1. e4 c5 2. Nf3 g6 3. d4 cxd4 4. Nxd4 Bg7 5. Be3 Nc6 6. Nxc6 bxc6 7. Nc3 Nf6 8. Bd3 O-O 9. O-O Bb7 10. a3 d5
11. exd5 Nxd5 12. Nxd5 Qxd5 13. Qg4 Bc8 14. Qg3 Bxb2 15. Rad1 Qa5 16. Bh6 Bg7 17. Bg5 Qxa3 18. Rfe1 e6 19. h3 a5 20. Re3 Qb4
21. Qc7 f6 22. Bf4 e5 23. Bh2 c5 24. Rg3 f5 25. Bxf5 Bxf5 26. Rb3 Qc4 27. Rb7 Rf7 28. Rd8+ Rxd8 29. Qxd8+ Rf8 30. Qc7 Qf7
31. Qc6 Qa2 32. Qc7 Qa1+
0-1

[Event "Just Another Plain Tournament # 13"]
[Site "SchemingMind.com"]
[Date "2009.04.01"]
[Round "-"]
[White "lemmie"]
[Black "yuk"]
[Result "0-1"]
[WhiteCountry "NED"]
[BlackCountry "IRL"]
[WhiteElo "1754"]
[WhiteRD "52"]
[BlackElo "1847"]
[BlackRD "66"]
[GameID "198891"]

1. e4 d5 2. exd5 Nf6 3. d4 Nxd5 4. Nf3 Bg4 5. Be2 e6 6. h3 Bh5 7. g4 Bg6 8. Bd2 Bd6 9. Nc3 Nf4 10. Be3 Ng2+
11. Kf1 Nxe3+ 12. fxe3 Nd7 13. Nh4 Qxh4 14. e4 O-O 15. e5 Bb4 16. Qd2 Rad8 17. a3 Bxc3 18. bxc3 Nxe5 19. Qc1 Nc6 20. Qb2 f5
21. Qxb7 fxg4+ 22. Bf3 Rxf3+
0-1

[Event "Just Another Plain Tournament # 13"]
[Site "SchemingMind.com"]
[Date "2009.04.01"]
[Round "-"]
[White "lemmie"]
[Black "Phillip Beckett"]
[Result "1-0"]
[WhiteCountry "NED"]
[BlackCountry "ENG"]
[WhiteElo "1754"]
[WhiteRD "52"]
[BlackElo "1620"]
[BlackRD "56"]
[GameID "198892"]

1. e4 e6 2. d4 d5 3. e5 c5 4. dxc5 Bxc5 5. Qg4 g6 6. Nf3 Qb6 7. Qh4 Ne7 8. Bd3 Nf5 9. Bxf5 gxf5 10. O-O Nd7
11. b3 O-O 12. Ng5 Rd8 13. Qxh7+
1-0

[Event "Just Another Plain Tournament # 13"]
[Site "SchemingMind.com"]
[Date "2009.04.01"]
[Round "-"]
[White "lemmie"]
[Black "skorak"]
[Result "1-0"]
[WhiteCountry "NED"]
[BlackCountry "POL"]
[WhiteElo "1673"]
[WhiteRD "53"]
[BlackElo "1490"]
[BlackRD "115"]
[GameID "198893"]

1. e4 e5 2. Nf3 f5 3. exf5 e4 4. Qe2 Nf6 5. d3 d5 6. Bg5 h6 7. Bh4 g5 8. fxg6 Be7 9. dxe4 dxe4 10. Ne5 Qd6
11. Nf7 Qf4 12. Bg3 Qc1+ 13. Qd1 Qxb2 14. Nd2 Rg8 15. Be5 Qb6 16. Bc4 Rxg6 17. O-O Qc5 18. c3 Ng4 19. Bd4 Qh5 20. h3 Bd6
21. Nxd6+ cxd6 22. Bb5+ Qxb5 23. hxg4 Rxg4 24. Rb1 Qh5 25. f3 exf3 26. Nxf3 b6 27. Re1+ Kf8 28. Qe2 Nd7 29. Qe7+ Kg8 30. Qxd6 Bb7
31. Qe6+ Kf8 32. Rf1 Rf4 33. Qxd7 Bxf3 34. Rxf3 Rxf3 35. gxf3 Qg5+ 36. Kf1 h5 37. Qd6+ Kf7 38. Re1 Rd8 39. Qe6+ Kf8 40. a4 h4
41. Re4 Qd5 42. Qf6+ Kg8 43. Qg7#
1-0

[Event "Just Another Plain Tournament # 13"]
[Site "SchemingMind.com"]
[Date "2009.04.02"]
[Round "-"]
[White "lemmie"]
[Black "Misterija"]
[Result "1-0"]
[WhiteCountry "NED"]
[BlackCountry "CRO"]
[WhiteElo "1701"]
[WhiteRD "52"]
[BlackElo "1220"]
[BlackRD "138"]
[GameID "198894"]

1. e4 e5 2. Nf3 Nc6 3. Bc4 Bc5 4. Bxf7+ Kxf7 5. Nxe5+ Nxe5 6. Qh5+ Ng6 7. Qd5+ Ke8 8. Qxc5 Qe7 9. Qxe7+ N8xe7 10. d3 d6
11. f4 Bd7 12. Nc3 Bc6 13. f5 Ne5 14. Rf1 Rf8 15. d4 Nc4 16. b3 Nb6 17. d5 Bd7 18. a4 a5 19. Be3
1-0

[Event "Just Another Plain Tournament # 13"]
[Site "SchemingMind.com"]
[Date "2009.04.01"]
[Round "-"]
[White "Clive Everill"]
[Black "lemmie"]
[Result "1-0"]
[WhiteCountry "CZE"]
[BlackCountry "NED"]
[WhiteElo "1682"]
[WhiteRD "51"]
[BlackElo "1754"]
[BlackRD "52"]
[GameID "198895"]

1. e4 e5 2. c3 Nc6 3. Bc4 Bc5 4. Qf3 Nh6 5. d4 d5 6. Bxd5 Bg4 7. Qg3 exd4 8. Bxh6 gxh6 9. Qxg4 dxc3 10. Nxc3 Qf6
11. Nf3 Nb4 12. O-O c6 13. Bb3 Nd3 14. Na4 Ne5 15. Nxe5 Qxe5 16. Nxc5 Qxc5 17. Qf4 Qh5 18. Rad1 O-O 19. Rd3 Rad8 20. Rh3 Qe2
21. Rxh6 Rd1 22. Bxd1 Qxb2 23. Qg5+ Kh8 24. Qf6+ Kg8 25. Qxb2
1-0

[Event "Just Another Plain Tournament # 13"]
[Site "SchemingMind.com"]
[Date "2009.04.01"]
[Round "-"]
[White "yuk"]
[Black "lemmie"]
[Result "1-0"]
[WhiteCountry "IRL"]
[BlackCountry "NED"]
[WhiteElo "1847"]
[WhiteRD "66"]
[BlackElo "1754"]
[BlackRD "52"]
[GameID "198896"]

1. d4 d5 2. c4 dxc4 3. e3 Nf6 4. Bxc4 e6 5. Nf3 c5 6. O-O cxd4 7. Nxd4 Be7 8. Nc3 O-O 9. Qc2 h6 10. Rd1 Qc7
11. b3 Nc6 12. Nxc6 Qxc6 13. Bb2 b6 14. Be2 e5 15. Bf3 e4 16. Bxe4 Nxe4 17. Qxe4 Qxe4 18. Nxe4 Bb7 19. f3 Rfe8 20. Bd4 Ba3
21. Nf2 f6 22. Nd3 Ba6 23. Nf4 Rac8 24. h4 Rc2 25. Nd5 Bb7 26. Nf4 Bb2= 27. Bxb2 Rxb2 28. e4 Re7 29. Nd3 Rc2 30. a3 Rc3
31. b4 Ba6 32. Nf4 Kh7 33. Nd5 Rcc7 34. Nxe7 Rxe7 35. Rac1 Bb5 36. Kf2 Ba4 37. Rd6 Kg6 38. g4 h5 39. Kg3 Kh6 40. g5+ Kg6
41. Kf4 Bb5 42. gxf6 gxf6 43. Rg1+
1-0

[Event "Just Another Plain Tournament # 13"]
[Site "SchemingMind.com"]
[Date "2009.04.01"]
[Round "-"]
[White "Phillip Beckett"]
[Black "lemmie"]
[Result "0-1"]
[WhiteCountry "ENG"]
[BlackCountry "NED"]
[WhiteElo "1620"]
[WhiteRD "56"]
[BlackElo "1754"]
[BlackRD "52"]
[GameID "198897"]

1. d4 d5 2. e3 Nf6 3. Bd3 e6 4. f4 Nc6 5. c3 Bd6 6. Nf3 O-O 7. O-O b6 8. Ne5 h6 9. Nd2 Bb7 10. Ndf3 Be7
11. Nxc6 Bxc6 12. Ne5 Bb7 13. Bd2 Ne4 14. Be1 f6 15. Nf3 c5 16. Bh4 f5 17. Ne5 Bxh4 18. Ng6 Rf7 19. Ne5 Rf8 20. Ng6 Re8
21. g3 Bf6 22. Ne5 cxd4 23. exd4 Qc8 24. Qh5 Qc7 25. Bb5 Red8 26. Qg6 a6 27. Bd3 Nd6 28. Kf2 Bc6 29. Rg1 b5 30. g4 Be8
0-1

[Event "Just Another Plain Tournament # 13"]
[Site "SchemingMind.com"]
[Date "2009.04.02"]
[Round "-"]
[White "skorak"]
[Black "lemmie"]
[Result "0-1"]
[WhiteCountry "POL"]
[BlackCountry "NED"]
[WhiteElo "1533"]
[WhiteRD "121"]
[BlackElo "1701"]
[BlackRD "52"]
[GameID "198898"]

1. e4 e5 2. Nf3 Nc6 3. Bb5 a6 4. Ba4 b5 5. Bb3 Na5 6. d4 Nxb3 7. axb3 exd4 8. Qxd4 Bb7 9. Bg5 f6 10. Bh4 Ne7
11. O-O Ng6 12. Nbd2 c5 13. Qe3 Be7 14. e5 Nxe5 15. Nxe5 fxe5 16. Qxe5 Rg8 17. Rfe1 g5 18. Bxg5 Bxg2 19. Qxe7+ Qxe7 20. Rxe7+ Kf8
21. Rxh7 Bd5 22. Rxd7 Rxg5+ 23. Kf1 Bg2+ 24. Ke2 Re8+ 25. Kd3 Rg6 26. Rc7 Rd8+ 27. Ke3 Re6+ 28. Kf4 Rxd2 29. Rxc5 Rxf2+ 30. Kg3 Ref6
31. Rxa6 R6f3+ 32. Kh4 Bh3 33. Rac6 Bd7 34. Rb6 Rg2
0-1

[Event "Just Another Plain Tournament # 13"]
[Site "SchemingMind.com"]
[Date "2009.04.02"]
[Round "-"]
[White "Misterija"]
[Black "lemmie"]
[Result "0-1"]
[WhiteCountry "CRO"]
[BlackCountry "NED"]
[WhiteElo "1220"]
[WhiteRD "138"]
[BlackElo "1701"]
[BlackRD "52"]
[GameID "198899"]

1. Nf3 Nc6 2. e4 e5 3. Bb5 a6 4. Ba4 b5 5. Bb3 Bb7 6. O-O Nf6 7. d3 Na5 8. Re1 Nxb3 9. axb3 d6 10. Nbd2 Be7
11. Nf1 h6 12. Ng3 c5 13. c3 a5 14. d4 cxd4
0-1